000
00189 a2200097 4500
001
8173
100
_a
Slim,
245
_a
Unofficial History
260
_a
_b
Cassel
_c
090
_c
6561
_d
6561
942
_a
NUST-CAE
_c
M
_c
33113
999
_c
243246
_d
243246